000 00730nam a22002177a 4500
003 UA-OsUOA
001 110604
007 ta
008 20150324b un ||||| |||| 00| 0 ukr d
100 _aРуденкова Д.Э.
090 _a32
_bР83
942 _cSA
040 _aUA-OsUOA
_brus
_cUA-OsUOA
_dUA-OsUOA
245 _aРегулирование лоббизма в политическом процессе как способ преодоления демократического дефицита
300 _aС.88-103
955 _a0
041 _arus
080 _a32
773 0 _w110603
_tЧелове. Сообщество. Управление
_dКраснодар
_d2014
_g4
650 7 _a32 Політика
_2UDC
999 _c396744
_d396744